|
|
|
|
| LEADER |
00000nam0a2200000 4500 |
| 001 |
197955 |
| 005 |
20231216101824.0 |
| 035 |
|
|
|a (RuTPU)RU\TPU\book\215920
|
| 090 |
|
|
|a 197955
|
| 100 |
|
|
|a 20110621d2011 k y0rusy50 ca
|
| 101 |
0 |
|
|a rus
|
| 102 |
|
|
|a RU
|
| 105 |
|
|
|a a dm 001zy
|
| 200 |
1 |
|
|a Подземный сток бассейна р. Чая (Западная Сибирь) и его многолетняя изменчивость
|e автореферат диссертации на соискание ученой степени кандидата геолого-минералогических наук
|e спец. 25.00.07
|f Ю. А. Харанжевская
|g Национальный исследовательский Томский политехнический университет (ТПУ) ; Сибирский научно-исследовательский институт сельского хозяйства и торфа (СибНИИСХиТ) ; науч. рук. О. Г. Савичев
|
| 210 |
|
|
|a Томск
|d 2011
|
| 215 |
|
|
|a 20 с.
|c ил.
|
| 300 |
|
|
|a Защита сост. 31.05.2011 г.
|
| 320 |
|
|
|a Библиогр.: с. 19-20 (20 назв.).
|
| 452 |
|
1 |
|0 (RuTPU)RU\TPU\book\213226
|t Подземный сток бассейна р. Чая (Западная Сибирь) и его многолетняя изменчивость
|o автореферат диссертации на соискание ученой степени кандидата геолого-минералогических наук
|o спец. 25.00.07
|f Ю. А. Харанжевская
|g Национальный исследовательский Томский политехнический университет (ТПУ) ; науч. рук. О. Г. Савичев
|c Томск
|d 2011
|a Харанжевская, Юлия Александровна
|
| 606 |
1 |
|
|a Речной сток, подземный
|2 stltpush
|3 (RuTPU)RU\TPU\subj\25194
|9 49411
|
| 610 |
1 |
|
|a гидрогеология
|
| 610 |
1 |
|
|a Западная Сибирь
|
| 610 |
1 |
|
|a реки
|
| 610 |
1 |
|
|a река Чая
|
| 610 |
1 |
|
|a водосборы
|
| 610 |
1 |
|
|a территории
|
| 610 |
1 |
|
|a природные условия
|
| 610 |
1 |
|
|a антропогенные факторы
|
| 610 |
1 |
|
|a подземные стоки
|
| 610 |
1 |
|
|a многолетняя изменчивость
|
| 610 |
1 |
|
|a водный баланс
|
| 610 |
1 |
|
|a элементы
|
| 610 |
1 |
|
|a многолетние изменения
|
| 610 |
1 |
|
|a природные воды
|
| 610 |
1 |
|
|a химический состав
|
| 610 |
1 |
|
|a подземный химический вынос
|
| 610 |
1 |
|
|a пространственные изменения
|
| 610 |
1 |
|
|a болота
|
| 610 |
1 |
|
|a заболоченные территории
|
| 610 |
1 |
|
|a районирование
|
| 610 |
1 |
|
|a авторефераты диссертаций
|
| 675 |
|
|
|a 556.332.6(04)
|v 3
|
| 686 |
|
|
|a 25.00.07
|2 oksvnk
|
| 700 |
|
1 |
|a Харанжевская
|b Ю. А.
|g Юлия Александровна
|
| 702 |
|
1 |
|a Савичев
|b О. Г.
|c геолог
|c профессор Томского политехнического университета, доктор географических наук
|f 1967-
|g Олег Геннадьевич
|3 (RuTPU)RU\TPU\pers\25454
|4 727
|9 11394
|
| 712 |
0 |
2 |
|a Национальный исследовательский Томский политехнический университет (ТПУ)
|c (2009- )
|3 (RuTPU)RU\TPU\col\15902
|
| 712 |
0 |
2 |
|a Сибирский научно-исследовательский институт сельского хозяйства и торфа (СибНИИСХиТ)
|c (Томск)
|c (2005- )
|3 (RuTPU)RU\TPU\col\14464
|
| 801 |
|
1 |
|a RU
|b 63413507
|c 20110621
|
| 801 |
|
2 |
|a RU
|b 63413507
|c 20110928
|g RCR
|
| 942 |
|
|
|c BK
|